| 000 | 00445nam a22001575i 4500 | ||
|---|---|---|---|
| 001 | 171465 | ||
| 003 | ES-MaACL | ||
| 005 | 20230906214636.0 | ||
| 008 | 090518s1970 sp |||| | spa d | ||
| 080 | _a821.134.2-14"19" | ||
| 100 | 1 |
_aSola, Otto de. _9140185 |
|
| 245 | 1 | 0 |
_aMientras llega el futuro / _cOtto de Sola. |
| 260 |
_aPalma de Mallorca : _bHipocampo, _c1970. |
||
| 300 |
_a138 p. ; _c19 cm. |
||
| 852 |
_aES-MaACL _jC-40704 _9R.74500 |
||
| 999 |
_c171465 _d171465 |
||